| 000 | 00649nam a2200193Ia 4500 | ||
|---|---|---|---|
| 005 | 20250508165915.0 | ||
| 008 | 008 250505s9999 xx 000 0 eng d | ||
| 037 | _aTextual | ||
| 040 |
_aFEDL _beng _cFEDL |
||
| 041 |
_aeng _2eng |
||
| 084 |
_a248.482, VIJ _qFEDL |
||
| 100 |
_aVij Rajiv _9782379 |
||
| 245 | 0 | _aDiscovering your sweet spot: A soul- searching guide for creating the life you really want | |
| 260 |
_aNew Delhi, India _bHay House Publishers _c1999 |
||
| 300 | _a243p. | ||
| 546 | _aGifted by H.O.D. Namita Ranganathan in memory of Prof. Arvind Gaysu | ||
| 942 |
_cTEXL _h248.482, VIJ |
||
| 999 |
_c1398126 _d1398126 |
||